Guess the Celebrity by their Picture - Statistics

General Stats
  • This quiz has been taken 205 times
  • The average score is 6 of 15
Answer Stats
Picture Answer % Correct
Rihanna
91%
Chris Hemsworth
87%
Simon Cowell
84%
Demi Lovato
72%
Hugh Jackman
71%
Oprah Winfrey
61%
Daniel Craig
49%
Christina Aguilera
47%
J.K Rowling
39%
Anthony Anderson
4%
Christina Grimmie
2%
Christina Perri
2%
Darren Espanto
1%
Kamil McFadden
1%
Kevin Durand
1%
No matching quizzes found
Score Distribution
Percent of People with Each Score
Percentile by Number Answered
Your Score History
You have not taken this quiz